[Event "34. Kieler Open 2022"]
[Site "Kiel"]
[Date "2022.08.02"]
[Round "6.7"]
[White "Doll, Stefan"]
[Black "Herrmann, Arthur"]
[Result "0-1"]
[WhiteElo "2134"]
[BlackElo "1563"]
[PlyCount "132"]
[EventDate "2022.??.??"]

1. d4 Nf6 2. Bg5 d5 3. Bxf6 exf6 4. e3 Bf5 5. Nd2 c6 6. a3 Bd6 7. g3 O-O 8. Bg2
Qb6 9. Qc1 Nd7 10. Ngf3 Qa6 11. b4 Nb6 12. Bf1 Nc4 13. Nxc4 dxc4 14. Nd2 b5 15.
Bg2 Qb6 16. O-O a5 17. e4 Be6 18. c3 Ra6 19. Qc2 Rfa8 20. Rab1 axb4 21. axb4
Ra3 22. Rb2 R8a6 23. f4 Qa7 24. Rf2 Bc7 25. Nb1 Rb3 26. Bf3 Ra1 27. Kg2 Bb6 28.
Ra2 Rxa2 29. Qxa2 g6 30. Qxa7 Bxa7 31. Ra2 Bxd4 32. cxd4 Rxb1 33. d5 cxd5 34.
exd5 Bd7 35. g4 c3 36. Be4 Rb2+ 37. Rxb2 cxb2 38. f5 Kf8 39. Kf2 Ke7 40. Ke3
Kd6 41. Kd4 Bc8 42. Kc3 Bb7 43. Kxb2 Bxd5 44. Bd3 Bc4 45. Bxc4 bxc4 46. Kc3 Kd5
47. h3 g5 48. b5 Kc5 49. b6 Kxb6 50. Kb4 c3 51. Kxc3 Kc5 52. Kd3 Kd5 53. Ke3
Ke5 54. Kf3 Kd4 55. Kg2 Ke4 56. Kf2 Kf4 57. Kg2 Ke3 58. Kg3 Ke2 59. Kg2 h6 60.
Kg3 Kf1 61. Kf3 Kg1 62. Kg3 Kh1 63. h4 gxh4+ 64. Kh3 Kg1 65. Kxh4 Kg2 66. g5
hxg5+ 0-1

[Event "34. Kieler Open 2022"]
[Site "Kiel"]
[Date "2022.08.02"]
[Round "6.8"]
[White "Menke, Raphael Wilhelm"]
[Black "Petrashov, Alexander"]
[Result "0-1"]
[WhiteElo "1459"]
[BlackElo "2029"]
[PlyCount "128"]
[EventDate "2022.??.??"]

1. e4 e6 2. d4 d5 3. Nc3 dxe4 4. Nxe4 Be7 5. Nf3 Nf6 6. Ng3 c5 7. c3 Nc6 8. Be2
cxd4 9. cxd4 O-O 10. O-O Qb6 11. Rb1 Rd8 12. Be3 Nd5 13. Qb3 g6 14. Bc4 Bf6 15.
Rfd1 Na5 16. Qxb6 Nxb6 17. Be2 Bg7 18. Ne4 h6 19. Rbc1 Nd5 20. b3 Nc6 21. Nc5
Nce7 22. Bc4 a6 23. Be2 b6 24. Ne4 Nf5 25. Bd2 Kh7 26. Be1 Bb7 27. Ng3 Nf4 28.
Kf1 Nxd4 29. Bd2 Nfxe2 30. Nxe2 Nxf3 31. gxf3 Bxf3 32. Rc2 Rac8 33. Rxc8 Rxc8
34. Rc1 Bxe2+ 35. Kxe2 Rxc1 36. Bxc1 Be5 37. h3 g5 38. Kd3 Kg6 39. Kc4 Kf5 40.
Be3 Bc7 41. Kd4 Bd6 42. Kc4 b5+ 43. Kd4 h5 44. f3 Bf4 45. Bf2 Bb8 46. Kd3 e5
47. Be3 Bd6 48. Ke2 f6 49. Bd2 e4 50. Bc3 exf3+ 51. Kxf3 g4+ 52. hxg4+ hxg4+
53. Kf2 Be5 54. Be1 Ke4 55. a4 f5 56. axb5 axb5 57. Kg2 f4 58. Ba5 f3+ 59. Kf2
g3+ 60. Ke1 Bd4 61. Bc7 g2 62. Bh2 Kd3 63. b4 f2+ 64. Kd1 f1=Q# 0-1

[Event "34. Kieler Open 2022"]
[Site "Kiel"]
[Date "2022.08.02"]
[Round "6.9"]
[White "Annegarn, Alexander"]
[Black "Ehrig, Leon Chris"]
[Result "1-0"]
[WhiteElo "2000"]
[BlackElo "1832"]
[PlyCount "53"]
[EventDate "2022.??.??"]

1. e4 c5 2. d4 cxd4 3. c3 Nf6 4. e5 Nd5 5. Bc4 Nb6 6. Bb3 d5 7. exd6 Qxd6 8.
Nf3 Nc6 9. Na3 a6 10. O-O e6 11. Qe2 Be7 12. Rd1 O-O 13. cxd4 Bf6 14. Qe4 Rd8
15. Bf4 Qe7 16. g4 Nxd4 17. Nxd4 e5 18. Bc2 g6 19. g5 Bg7 20. Be3 Qc7 21. Ndb5
Rxd1+ 22. Rxd1 axb5 23. Nxb5 Qc6 24. Rd8+ Bf8 25. Qxc6 bxc6 26. Bxb6 cxb5 27.
Be4 1-0

[Event "34. Kieler Open 2022"]
[Site "Kiel"]
[Date "2022.08.02"]
[Round "6.11"]
[White "Doeserich, Juergen"]
[Black "Ghadimi, Mohammed Reza"]
[Result "0-1"]
[WhiteElo "1945"]
[BlackElo "2147"]
[PlyCount "66"]
[EventDate "2022.??.??"]

1. d4 Nf6 2. c4 e6 3. Nf3 Bb4+ 4. Nbd2 b6 5. a3 Bxd2+ 6. Qxd2 Bb7 7. e3 d6 8.
Be2 Nbd7 9. O-O O-O 10. b3 Qe7 11. Bb2 Ne4 12. Qc2 f5 13. Rad1 Rf6 14. d5 e5
15. Nh4 g6 16. f4 Rf7 17. Nf3 Re8 18. Rfe1 Qf6 19. b4 g5 20. g3 Qg6 21. Bd3
gxf4 22. exf4 exf4 23. Nh4 Qh5 24. Nxf5 Rxf5 25. Bxe4 Rff8 26. g4 Qh4 27. Qf2
Qg5 28. Kh1 Ne5 29. Qd4 Bc8 30. Rg1 f3 31. Rdf1 Rf6 32. Bxf3 Rxf3 33. Rxf3 Nxf3
0-1

[Event "34. Kieler Open 2022"]
[Site "Kiel"]
[Date "2022.08.02"]
[Round "6.12"]
[White "Rieper, Julian"]
[Black "Shtompel, Yuriy"]
[Result "1-0"]
[WhiteElo "2132"]
[BlackElo "1897"]
[PlyCount "77"]
[EventDate "2022.??.??"]

1. e4 c5 2. Nf3 d6 3. d4 cxd4 4. Nxd4 Nf6 5. Nc3 a6 6. Be2 e6 7. Be3 Nbd7 8. g4
h6 9. f4 Nc5 10. Bf3 e5 11. Nf5 g6 12. Ng3 exf4 13. Bxf4 Ne6 14. Be3 Nd7 15.
Nd5 Ne5 16. Bb6 Qh4 17. Bf2 Qd8 18. h4 Bg7 19. Bb6 Qd7 20. Be2 O-O 21. Qd2 Qa4
22. b3 Qe8 23. c3 Bd7 24. Be3 Bc6 25. Bxh6 Bxd5 26. Bxg7 Nxg7 27. Qxd5 Rc8 28.
c4 Qd7 29. h5 Rc5 30. Qd4 b5 31. cxb5 Rc2 32. Qe3 Nxg4 33. Qd3 Rfc8 34. hxg6
R8c3 35. Qd5 Ne6 36. Bxg4 Nf4 37. gxf7+ Qxf7 38. Rh8+ Kxh8 39. Qxf7 1-0

[Event "34. Kieler Open 2022"]
[Site "Kiel"]
[Date "2022.08.02"]
[Round "6.13"]
[White "Sauer, Tim"]
[Black "Wunder, Niklas"]
[Result "1/2-1/2"]
[WhiteElo "1731"]
[BlackElo "2079"]
[PlyCount "77"]
[EventDate "2022.??.??"]

1. e4 c6 2. Nf3 d5 3. d3 dxe4 4. dxe4 Qxd1+ 5. Kxd1 Nf6 6. Nbd2 g6 7. Ne1 h5 8.
h4 Ng4 9. Nd3 Bh6 10. Nc4 Bxc1 11. Rxc1 Be6 12. Nce5 Nxe5 13. Nxe5 Nd7 14. Nd3
f6 15. Kd2 O-O-O 16. Ke3 Kc7 17. g3 g5 18. Be2 Bf7 19. g4 gxh4 20. Rxh4 hxg4
21. Rch1 Rxh4 22. Rxh4 Bxa2 23. b3 a5 24. Bxg4 Ne5 25. Nxe5 fxe5 26. Rh7 Bb1
27. Rxe7+ Kb6 28. Rxe5 Bxc2 29. Be6 Rd3+ 30. Ke2 Rd4 31. f4 Rxe4+ 32. Rxe4 Bxe4
33. Ke3 Bd5 34. Bxd5 cxd5 35. Kd4 Kc6 36. f5 b5 37. f6 Kd6 38. f7 Ke7 39. Kxd5
1/2-1/2

[Event "34. Kieler Open 2022"]
[Site "Kiel"]
[Date "2022.08.02"]
[Round "6.14"]
[White "Sturm, Simon"]
[Black "Schmitz, Andreas Arnold"]
[Result "1-0"]
[WhiteElo "1569"]
[BlackElo "2070"]
[PlyCount "99"]
[EventDate "2022.??.??"]

1. c4 c5 2. g3 Nf6 3. Bg2 Nc6 4. Nc3 g6 5. e4 d6 6. Nge2 Bg7 7. O-O O-O 8. d3
Ne8 9. h3 f5 10. f4 e5 11. Rb1 Nf6 12. a3 Be6 13. Kh2 a5 14. Nd5 Rb8 15. b3 Nd4
16. fxe5 dxe5 17. Nxd4 exd4 18. Bf4 Rc8 19. Nxf6+ Qxf6 20. e5 Qe7 21. Qd2 Qc7
22. Rfe1 b6 23. b4 axb4 24. axb4 Rf7 25. bxc5 bxc5 26. Rb7 Qd8 27. Reb1 Rxb7
28. Rxb7 Rc7 29. Rb6 Bc8 30. Qa5 g5 31. Rd6 Bd7 32. Bxg5 Qc8 33. Bd5+ Kh8 34.
e6 h6 35. exd7 Rxd7 36. Rxd7 Qxd7 37. Qa8+ Kh7 38. Bf4 Qe7 39. Qg8+ Kg6 40.
Qe6+ Qxe6 41. Bxe6 Bf6 42. g4 fxg4 43. hxg4 Be7 44. Bf5+ Kg7 45. Kg3 Bf8 46.
Kf3 Be7 47. Ke4 Bf8 48. Kd5 Kf6 49. Be4 Be7 50. Bxh6 1-0

[Event "34. Kieler Open 2022"]
[Site "Kiel"]
[Date "2022.08.02"]
[Round "6.15"]
[White "Schalla, Dieter"]
[Black "Braeutigam, Alexander"]
[Result "0-1"]
[WhiteElo "2023"]
[BlackElo "1771"]
[PlyCount "84"]
[EventDate "2022.??.??"]

1. c4 c5 2. Nc3 Nc6 3. g3 g6 4. Bg2 Bg7 5. Nf3 Nf6 6. O-O d6 7. d3 O-O 8. Bg5
h6 9. Bd2 Bd7 10. h3 a6 11. Rb1 Rb8 12. e3 b5 13. b3 Qc7 14. Qe2 e5 15. Kh2 b4
16. Na4 Kh7 17. Ne1 Ng8 18. Nc2 a5 19. Nb2 f5 20. f4 Rbe8 21. Qf2 Nge7 22. Bf3
Nc8 23. Qg2 Nb6 24. a4 Nd8 25. g4 fxg4 26. hxg4 exf4 27. exf4 Bc6 28. Ne3 Bxf3
29. Rxf3 Nc6 30. Nbd1 Nd4 31. Rf2 Rf7 32. f5 g5 33. Nd5 Nxd5 34. Qxd5 Re5 35.
Qg2 d5 36. Kh1 dxc4 37. dxc4 Qe7 38. Qh3 Re2 39. Qd3 Qb7+ 40. Kg1 Rxf2 41. Nxf2
Nf3+ 42. Kf1 Rd7 0-1

[Event "34. Kieler Open 2022"]
[Site "Kiel"]
[Date "2022.08.02"]
[Round "6.16"]
[White "Fuhrmann, Bahne"]
[Black "Peglau, Charis"]
[Result "1/2-1/2"]
[WhiteElo "1973"]
[BlackElo "1870"]
[PlyCount "115"]
[EventDate "2022.??.??"]

1. d4 Nf6 2. c4 e6 3. g3 d5 4. Bg2 c6 5. Nf3 Be7 6. O-O O-O 7. Nc3 Nbd7 8. Qd3
dxc4 9. Qxc4 c5 10. dxc5 Nxc5 11. Be3 Na6 12. Rfd1 Qc7 13. Qxc7 Nxc7 14. Ne5
Ncd5 15. Nxd5 Nxd5 16. Bxd5 exd5 17. Rxd5 Be6 18. Rdd1 a6 19. Nd3 Rfd8 20. b3
Rac8 21. Nf4 Bf5 22. Rac1 h6 23. Rxc8 Rxc8 24. Nd5 Bf8 25. Nb6 Re8 26. Nd7 Bg4
27. Rd2 Bh3 28. Bb6 Bb4 29. Rd1 Rxe2 30. Bc5 Bxd7 31. Bxb4 {=} Bh3 32. Bd2 Kh7
33. a3 Bg4 34. Kg2 Rxf2+ 35. Kxf2 Bxd1 36. b4 Kg6 37. Ke3 Kf5 38. h4 Ba4 39.
Bc3 g6 40. Kf3 Bc6+ 41. Ke3 h5 42. Bb2 Ke6 43. Kd4 f6 44. Ke3 g5 45. Bc3 gxh4
46. gxh4 f5 47. Kf4 Kd5 48. Kxf5 Kc4 49. Be1 Kb3 50. Ke5 Kxa3 51. Kd6 $11 Bf3
52. Kc5 Ka4 53. Bd2 b5 54. Be1 Ka3 55. Bd2 Kb3 56. Be1 Kc2 {=} 57. Kb6 Be2 58.
Kxa6 1/2-1/2

[Event "34. Kieler Open 2022"]
[Site "Kiel"]
[Date "2022.08.02"]
[Round "6.17"]
[White "Weihrauch, Jakob"]
[Black "Sickmann, Lisa"]
[Result "1-0"]
[WhiteElo "2183"]
[BlackElo "1672"]
[PlyCount "51"]
[EventDate "2022.??.??"]

1. e4 c6 2. d4 d5 3. e5 e6 4. f4 c5 5. c3 Nc6 6. Be3 b6 7. Nf3 Nh6 8. Bd3 Nf5
9. Bf2 Be7 10. g4 Nh4 11. O-O Bd7 12. Bxh4 Bxh4 13. g5 h6 14. Nxh4 hxg5 15. Ng2
cxd4 16. Qg4 dxc3 17. Nxc3 Qe7 18. Nb5 O-O-O 19. Rac1 Kb8 20. fxg5 Nxe5 21. Qf4
f6 22. Rc7 Qe8 23. Qa4 Nc6 24. Rxc6 Bxc6 25. Qxa7+ Kc8 26. Qc7# 1-0

[Event "34. Kieler Open 2022"]
[Site "Kiel"]
[Date "2022.08.02"]
[Round "6.18"]
[White "Gressmann, Hanna"]
[Black "Hebbinghaus, Holger"]
[Result "1/2-1/2"]
[WhiteElo "1856"]
[BlackElo "2272"]
[PlyCount "31"]
[EventDate "2022.??.??"]

1. e4 e6 2. d4 d5 3. exd5 exd5 4. Nf3 Nf6 5. Bd3 c5 6. c3 Bd6 7. O-O O-O 8. Bg5
Nc6 9. dxc5 Bxc5 10. Nbd2 Qd6 11. Qc2 Bg4 12. Bf5 Bxf5 13. Qxf5 Qe6 14. Qd3 Ne4
15. Nb3 Bb6 16. Be3 1/2-1/2

[Event "34. Kieler Open 2022"]
[Site "Kiel"]
[Date "2022.08.02"]
[Round "6.20"]
[White "Saglam, Buelent"]
[Black "Peglau, Markus"]
[Result "1/2-1/2"]
[WhiteElo "2120"]
[BlackElo "1843"]
[PlyCount "116"]
[EventDate "2022.??.??"]

1. e4 e6 2. c4 d5 3. exd5 exd5 4. cxd5 Nf6 5. Bb5+ Nbd7 6. Nc3 a6 7. Qe2+ Be7
8. d6 cxd6 9. Ba4 O-O 10. d4 Re8 11. Qf3 Rb8 12. Nge2 b5 13. Bd1 Bb7 14. Qh3 b4
15. Na4 Nf8 16. O-O Ng6 17. Nf4 Bc8 18. Qb3 Bd7 19. Nxg6 hxg6 20. Qf3 Qa5 21.
b3 Bxa4 22. bxa4 Qf5 23. Qb3 d5 24. Bc2 Qg4 25. Be3 Bd6 26. h3 Qd7 27. Bd3 Qb7
28. Rfc1 Rec8 29. a3 Rxc1+ 30. Bxc1 a5 31. axb4 Bxb4 32. Bf4 Rc8 33. Bd2 Ne4 {=
} 34. Bxe4 dxe4 35. Rb1 Rb8 36. Qc4 Rc8 37. Qb3 Rb8 38. Qg3 Rc8 39. Bxb4 axb4
40. Qb3 Qb6 41. Qd5 Rd8 42. Qc5 Rb8 43. a5 Qxc5 44. dxc5 Rb5 45. a6 Rxc5 46.
Rxb4 Ra5 47. Rb8+ Kh7 48. Rb6 f6 {=} 49. Kf1 Ra2 50. Ke1 g5 51. g4 Kg6 52. Rc6
Kh7 53. Kd1 Rxf2 54. a7 Ra2 55. Rc7 e3 56. Re7 e2+ 57. Ke1 Kg6 58. Kf2 Kh7
1/2-1/2

[Event "34. Kieler Open 2022"]
[Site "Kiel"]
[Date "2022.08.02"]
[Round "6.21"]
[White "Callsen, Niklas"]
[Black "Burbach, Brunel Baron"]
[Result "1/2-1/2"]
[WhiteElo "2107"]
[BlackElo "1820"]
[PlyCount "88"]
[EventDate "2022.??.??"]

1. e4 c5 2. Nf3 e6 3. d4 cxd4 4. Nxd4 Nf6 5. Nc3 Nc6 6. Ndb5 Bc5 7. Bf4 O-O 8.
Bc7 Qe7 9. Bd6 Bxd6 10. Qxd6 Ne8 11. Qxe7 Nxe7 12. O-O-O a6 13. Nd6 Nxd6 14.
Rxd6 f5 15. g3 b5 16. Bg2 fxe4 17. Nxe4 Rb8 18. f4 Nf5 19. Rd3 d5 20. Nc5 b4
21. a4 Rb6 22. Re1 Rd8 23. Bh3 Rc6 24. Nb3 g6 25. g4 Ng7 26. Nd4 Rc4 27. b3 Rc7
28. g5 Re8 29. Rde3 Rf7 30. Rf3 e5 31. Bxc8 e4 32. Rf2 Rxc8 33. Rd1 a5 34. Nb5
Rc5 35. Rfd2 Rxf4 36. Rxd5 Rxd5 37. Rxd5 e3 38. Re5 Rf1+ 39. Kb2 Nf5 40. c4
Rf2+ 41. Kc1 Rf1+ 42. Kc2 Rf2+ 43. Kc1 Rf1+ 44. Kc2 Rf2+ 1/2-1/2

[Event "34. Kieler Open 2022"]
[Site "Kiel"]
[Date "2022.08.02"]
[Round "6.22"]
[White "Akhmatovski, Maxim"]
[Black "Basener, Winfried"]
[Result "0-1"]
[WhiteElo "1842"]
[BlackElo "2078"]
[PlyCount "112"]
[EventDate "2022.??.??"]

1. c4 Nf6 2. g3 c6 3. Bg2 d5 4. Nf3 h6 5. b3 Bf5 6. Bb2 e6 7. d3 Be7 8. Nbd2
O-O 9. O-O Bh7 10. Re1 a5 11. e4 Na6 12. Ne5 Qb6 13. exd5 cxd5 14. cxd5 exd5
15. Ng4 Nxg4 16. Qxg4 Bf6 17. Bxf6 Qxf6 18. Bxd5 Nb4 19. Bxb7 Rab8 20. Be4 Nc2
21. Bxh7+ Kxh7 22. Qe4+ Qg6 23. Qxg6+ Kxg6 24. Rac1 Nxe1 25. Rxe1 a4 26. bxa4
Rb2 27. Nc4 Rxa2 28. a5 f6 29. Re6 Rd8 30. Ra6 Kh7 31. Nd6 Rd2 32. Ne4 R2xd3
33. Ra7 R8d7 34. Ra8 Rd8 35. Ra7 R8d7 36. Ra8 R3d5 37. Nc3 Rc5 38. Na4 Rc1+ 39.
Kg2 Ra1 40. Nc5 Re7 41. a6 h5 42. h3 Ra2 43. Kf3 Ra3+ 44. Kg2 Re2 45. Nd7 Raa2
46. Kf3 Rxf2+ 47. Ke4 Ra5 48. Ra7 Kg8 49. Ra8+ Kf7 50. Rh8 Rxa6 51. Nc5 Ra3 52.
Rxh5 Rxg3 53. Rh4 Rh2 54. Rh8 Rhxh3 55. Ra8 Rg4+ 56. Kf5 Rg5+ 0-1

[Event "34. Kieler Open 2022"]
[Site "Kiel"]
[Date "2022.08.02"]
[Round "6.23"]
[White "Schramm, Daniel"]
[Black "Link, Oliver"]
[Result "1-0"]
[WhiteElo "1829"]
[BlackElo "2022"]
[PlyCount "45"]
[EventDate "2022.??.??"]

1. c4 Nf6 2. g3 c5 3. Bg2 d5 4. Nf3 Nc6 5. O-O e5 6. cxd5 Nxd5 7. Nc3 Nc7 8. d3
Be7 9. Be3 Bd7 10. Rc1 Ne6 11. Na4 Qa5 12. Bd2 Qa6 13. Nc3 c4 14. dxc4 Qxc4 15.
a3 Qa6 16. Nd5 Bd6 17. Bc3 Rd8 18. Qc2 O-O 19. Rfd1 Bc8 20. e3 Qc4 21. h3 e4
22. Bf1 Qc5 23. b4 1-0

[Event "34. Kieler Open 2022"]
[Site "Kiel"]
[Date "2022.08.02"]
[Round "6.24"]
[White "Dittrich, Gunnar"]
[Black "Peglau, Sarah"]
[Result "1-0"]
[WhiteElo "1994"]
[BlackElo "1782"]
[PlyCount "75"]
[EventDate "2022.??.??"]

1. e4 c5 2. Nf3 d6 3. d4 cxd4 4. Nxd4 Nf6 5. Nc3 g6 6. f4 Nc6 7. Be2 Bg7 8.
Nxc6 bxc6 9. e5 dxe5 10. Qxd8+ Kxd8 11. fxe5 Nd5 12. Nxd5 cxd5 13. Bf4 Bf5 14.
Rd1 Bxc2 15. Rxd5+ Ke8 16. O-O h5 17. Rc1 Bf5 18. Rcd1 Bh6 19. Bxh6 Rxh6 20.
Ra5 g5 21. Bf3 Bg4 22. Bxa8 Bxd1 23. Rxa7 Rb6 24. b3 Kd8 25. Bd5 f6 26. exf6
Rxf6 27. Bc4 Bg4 28. a4 e5 29. Rg7 e4 30. h3 Bd1 31. Rxg5 Kc7 32. Rd5 Bc2 33.
Rd2 Bb1 34. Rb2 Bd3 35. Bxd3 exd3 36. Rd2 Rd6 37. Kf2 Kb6 38. Ke3 1-0

[Event "34. Kieler Open 2022"]
[Site "Kiel"]
[Date "2022.08.02"]
[Round "6.25"]
[White "Malinowsky, Levi"]
[Black "Lippmann, Kai"]
[Result "0-1"]
[WhiteElo "1814"]
[BlackElo "1952"]
[PlyCount "188"]
[EventDate "2022.??.??"]

1. e4 c6 2. Nc3 d5 3. Nf3 dxe4 4. Nxe4 e6 5. d4 h6 6. Bd3 Be7 7. c3 Nf6 8.
Nxf6+ Bxf6 9. Bf4 O-O 10. Qe2 Be7 11. h4 c5 12. dxc5 Bxc5 13. O-O-O Qb6 14. g4
Nc6 15. g5 h5 16. Nd2 g6 17. Ne4 e5 18. Nf6+ Kh8 19. Nd5 Bg4 20. Bxe5+ Nxe5 21.
Qxe5+ f6 22. gxf6 Qe6 23. Qg5 Rf7 24. Bxg6 Bxd1 25. Qh6+ Kg8 26. Bxf7+ Qxf7 27.
Rg1+ Bg4 28. b4 Bf8 29. Qg5+ Kh7 30. Kb2 Bh6 31. Qe5 Rd8 32. c4 Re8 33. Qd4
Re2+ 34. Ka3 Re6 35. Qd3+ Kh8 36. f3 Ra6+ 37. Kb3 Be6 38. Rg6 Bf8 39. Ne7 Bxc4+
40. Qxc4 Ra3+ 41. Kxa3 Qxc4 42. Rg5 Qc3+ 43. Ka4 Bxe7 44. fxe7 Qc2+ 45. Ka3
Qd3+ 46. Ka4 Qd7+ 47. Kb3 Qxe7 48. Rxh5+ Kg7 49. Rg5+ Kh6 50. a3 Qe3+ 51. Ka4
Qxf3 52. Rc5 a6 53. b5 Qd1+ 54. Kb4 Qd4+ 55. Rc4 Qb2+ 56. Kc5 Qxb5+ 57. Kd4
Qb2+ 58. Rc3 Kh5 59. Kd3 Kxh4 60. Rc4+ Kg3 61. a4 Kf3 62. Rc3 Kf4 63. Rc4+ Ke5
64. Rc5+ Kd6 65. Rc4 Qb3+ 66. Kd4 b5 67. axb5 axb5 68. Rc3 Qd5+ 69. Ke3 Qe5+
70. Kd3 Kd5 71. Kc2 Qe4+ 72. Kb2 b4 73. Rc2 Qd3 74. Kc1 Qa3+ 75. Kb1 b3 76.
Rd2+ Kc4 77. Rd4+ Kb5 78. Rd5+ Kc6 79. Rd2 Qb4 80. Re2 Kb5 81. Kb2 Qd4+ 82. Kc1
Qa1+ 83. Kd2 Qa2+ 84. Kd3 Qxe2+ 85. Kxe2 b2 86. Kd2 b1=Q 87. Kc3 Qb4+ 88. Kc2
Qa3 89. Kb1 Qh3 90. Kc2 Kc4 91. Kd2 Qd3+ 92. Kc1 Qe2 93. Kb1 Kb3 94. Ka1 Qa2#
0-1

[Event "34. Kieler Open 2022"]
[Site "Kiel"]
[Date "2022.08.02"]
[Round "6.26"]
[White "Braeutigam, Katerina"]
[Black "Fuhrmann, Ake"]
[Result "1-0"]
[WhiteElo "1781"]
[BlackElo "1942"]
[PlyCount "65"]
[EventDate "2022.??.??"]

1. e4 c5 2. Nf3 d6 3. d4 cxd4 4. Qxd4 Nc6 5. Qe3 g6 6. Be2 Bg7 7. O-O Nf6 8. h3
d5 9. exd5 Qxd5 10. c4 Qa5 11. Nc3 O-O 12. Rd1 Be6 13. Nb5 Rac8 14. Bd2 Qd8 15.
Bc3 Qe8 16. Nxa7 Nxa7 17. Qxa7 b5 18. cxb5 Ra8 19. Qb7 Rxa2 20. Nd4 Rxa1 21.
Rxa1 Bd5 22. Nc6 Nd7 23. Nxe7+ Qxe7 24. Qxd5 Qxe2 25. Qxd7 Bxc3 26. bxc3 Qb2
27. Rd1 Qxc3 28. b6 Qe5 29. b7 Rb8 30. Rc1 Qb2 31. Qc8+ Kg7 32. Qxb8 Qxc1+ 33.
Kh2 1-0

[Event "34. Kieler Open 2022"]
[Site "Kiel"]
[Date "2022.08.02"]
[Round "6.27"]
[White "Riechenberg, Maximilian"]
[Black "Doll, Rebecca"]
[Result "0-1"]
[WhiteElo "1771"]
[BlackElo "1933"]
[PlyCount "110"]
[EventDate "2022.??.??"]

1. e4 e5 2. Nf3 Nc6 3. Bc4 Bc5 4. O-O Nf6 5. d3 O-O 6. c3 Bb6 7. Re1 d6 8. h3
Ne7 9. Nbd2 Ng6 10. Nf1 c6 11. d4 exd4 12. cxd4 d5 13. exd5 Nxd5 14. Ne3 Ndf4
15. b3 Qf6 16. Ng4 Bxg4 17. hxg4 Rad8 18. Ba3 Rfe8 19. Rxe8+ Rxe8 20. g5 Qf5
21. Bd6 Rd8 22. Bxf4 Qxf4 23. Qe2 Bxd4 24. Nxd4 Qxd4 25. Qe1 Ne5 26. Rc1 a6 27.
a4 b5 28. axb5 axb5 29. Be2 Qf4 30. Rd1 Ra8 31. Qd2 Qxd2 32. Rxd2 Ra1+ 33. Kh2
Kf8 34. f4 Ng6 35. g3 Rb1 36. Bd1 Ke7 37. Kg2 c5 38. Kf3 Rc1 39. Ke4 Nf8 40.
Be2 Rc3 41. Rd3 Rc2 42. Bd1 Rc1 43. Kd5 Ne6 44. Bg4 b4 45. Kc6 Nd4+ 46. Kc7 Rc3
47. Rd1 f5 48. Re1+ Kf7 49. Bd1 Nxb3 50. Kd7 Rd3+ 51. Kc6 Rxg3 52. Bxb3+ Rxb3
53. Kxc5 Rf3 54. Kxb4 Rxf4+ 55. Kc3 Rg4 0-1

[Event "34. Kieler Open 2022"]
[Site "Kiel"]
[Date "2022.08.02"]
[Round "6.28"]
[White "Schubert, Christian"]
[Black "Zimmermann, Manfred"]
[Result "1-0"]
[WhiteElo "1764"]
[BlackElo "1933"]
[PlyCount "63"]
[EventDate "2022.??.??"]

1. d4 d5 2. Bf4 Nf6 3. Nf3 e6 4. e3 Be7 5. Nbd2 Nbd7 6. c3 Nh5 7. Bg3 O-O 8.
Qc2 c5 9. Bd3 g6 10. Be2 f5 11. Ne5 Nxg3 12. hxg3 Nxe5 13. dxe5 Bd7 14. g4 Kg7
15. f4 d4 16. g5 Bc6 17. Bf3 dxe3 18. Nc4 Bxf3 19. gxf3 Qd7 20. Nxe3 Rad8 21.
Ke2 Rh8 22. Rad1 Qc6 23. Rxd8 Rxd8 24. Rd1 {=} Rxd1 25. Nxd1 c4 26. Ne3 b5 27.
Qd2 h6 28. gxh6+ Kxh6 29. Nc2 g5 30. Nd4 Qd5 31. Nxf5+ Kh5 32. Qxd5 1-0

[Event "34. Kieler Open 2022"]
[Site "Kiel"]
[Date "2022.08.02"]
[Round "6.29"]
[White "Werner, Tom"]
[Black "Hufendiek, Ekkehard"]
[Result "1-0"]
[WhiteElo "1757"]
[BlackElo "1929"]
[PlyCount "73"]
[EventDate "2022.??.??"]

1. c4 e5 2. Nc3 Nc6 3. Nf3 Nf6 4. g3 d5 5. cxd5 Nxd5 6. Bg2 Be6 7. O-O Be7 8.
d4 Nxc3 9. bxc3 exd4 10. Nxd4 Nxd4 11. cxd4 c6 12. e4 Bc4 13. Re1 O-O 14. d5
cxd5 15. exd5 Bf6 16. Rb1 b5 17. Ba3 Re8 18. Qd2 Rxe1+ 19. Rxe1 a5 20. d6 Ra6
21. Bc5 b4 22. Qe3 Be6 23. Qd3 Qc8 24. Qb5 Bd7 25. Qb7 Qxb7 26. Bxb7 Rc6 27.
Bxc6 Bxc6 28. Bb6 a4 29. Rc1 Bd7 30. Rc7 Be6 31. d7 h6 32. Rc8+ Kh7 33. d8=Q
Bxd8 34. Rxd8 Bxa2 35. Bd4 a3 36. Ra8 Bd5 37. Ra4 1-0

[Event "34. Kieler Open 2022"]
[Site "Kiel"]
[Date "2022.08.02"]
[Round "6.30"]
[White "Peglau, Dora"]
[Black "Riechenberg, Sebastian"]
[Result "0-1"]
[WhiteElo "1920"]
[BlackElo "1606"]
[PlyCount "106"]
[EventDate "2022.??.??"]

1. c4 e6 2. d4 d5 3. Nc3 Nf6 4. Nf3 Bb4 5. Qa4+ Nc6 6. Bg5 Bxc3+ 7. bxc3 Bd7 8.
Qc2 h6 9. Bh4 dxc4 10. e4 g5 11. Nxg5 hxg5 12. Bxg5 Rh5 13. h4 Rxg5 14. hxg5
Ng8 15. f4 Qe7 16. Bxc4 O-O-O 17. Rb1 e5 18. d5 Na5 19. d6 cxd6 20. Bd5 Bc6 21.
Bxc6 Nxc6 22. O-O Kb8 23. fxe5 Nxe5 24. Qb3 Qc7 25. a4 Ne7 26. Rf2 Rh8 27. g3
Ng4 28. Re2 d5 29. e5 Nf5 30. Qxd5 Nxg3 31. Ree1 Rh2 32. a5 Ne2+ 33. Rxe2 Rxe2
34. a6 b6 35. Kh1 Rxe5 36. Qf3 Rxg5 37. Rb2 Rh5+ 38. Kg1 f5 39. Rd2 Qc5+ 40.
Rd4 Rh7 41. Kg2 Qc7 42. Rf4 Qg7 43. Rd4 Rh2+ 44. Kf1 Rf2+ 45. Qxf2 Nxf2 46.
Kxf2 Qe5 47. Kf3 Qa5 48. Kf4 Qxc3 49. Rd8+ Kc7 50. Ra8 Qc4+ 51. Kg5 Qxa6 52.
Kxf5 Qf1+ 53. Ke5 Kb7 0-1

[Event "34. Kieler Open 2022"]
[Site "Kiel"]
[Date "2022.08.02"]
[Round "6.31"]
[White "Thielemann, Joachim"]
[Black "Gombert, Reiner"]
[Result "0-1"]
[WhiteElo "1697"]
[BlackElo "1915"]
[PlyCount "82"]
[EventDate "2022.??.??"]

1. e4 d5 2. Nc3 Nf6 3. e5 Ne4 4. Bd3 Nxc3 5. bxc3 g6 6. f4 b6 7. Be2 Ba6 8. d4
Bxe2 9. Qxe2 e6 10. Nf3 c5 11. Be3 Qc7 12. c4 cxd4 13. Bxd4 Qxc4 14. Qxc4 dxc4
15. a4 Nc6 16. Ke2 Be7 17. Rhd1 O-O-O 18. Bc3 Rxd1 19. Rxd1 Rd8 20. Rxd8+ Kxd8
21. Ke3 a6 22. Nd2 b5 23. axb5 axb5 24. Bb2 Nb4 25. c3 Nd3 26. Ba1 Kc7 27. g4
Kc6 28. Ne4 Kd5 29. Ng3 g5 30. f5 Nxe5 31. h3 Nd3 32. fxe6 fxe6 33. Ne2 Bf6 34.
Ng3 h6 35. Kd2 b4 36. Nf1 b3 37. Ne3+ Kc5 38. Nd1 Be5 39. Bb2 Bf4+ 40. Ke2 Nxb2
41. Nxb2 Bc1 0-1

[Event "34. Kieler Open 2022"]
[Site "Kiel"]
[Date "2022.08.02"]
[Round "6.32"]
[White "Quiring, Nikolai"]
[Black "Lehmann, Simon"]
[Result "1/2-1/2"]
[WhiteElo "1915"]
[BlackElo "1531"]
[PlyCount "108"]
[EventDate "2022.??.??"]

1. d4 d6 2. Nf3 Nf6 3. c4 g6 4. Nc3 Bg7 5. e4 c5 6. dxc5 Qa5 7. Bd3 Qxc5 8. Be3
Qa5 9. O-O O-O 10. Qd2 Nc6 11. h3 a6 12. a3 Qc7 13. Rac1 Ne5 14. Nxe5 dxe5 15.
Nd5 Nxd5 16. cxd5 Qd6 17. Bc5 Qd8 18. Qb4 e6 19. Bxf8 Bxf8 20. Qb3 exd5 21.
exd5 f5 22. Bb1 Bd6 23. Rc3 e4 24. Rfc1 Bd7 25. Ba2 b5 26. Qd1 Qg5 27. Rc7 Rd8
28. R1c6 Qf4 29. g3 Qe5 30. Qb3 f4 31. Qc3 Qxc3 32. Rxc3 Bxc7 33. d6+ Kf8 34.
dxc7 Rc8 35. Bd5 Re8 36. gxf4 Bc8 37. Kf1 Re7 38. Ke2 Ke8 39. Ke3 Kd7 40. Bxe4
Kd6 41. Rc6+ Kd7 42. Rc3 Kd6 43. h4 Rxc7 44. Rxc7 Kxc7 45. h5 gxh5 46. Bxh7 Kd6
47. f5 Ke5 48. f4+ Kf6 49. Bg6 h4 50. Be8 Kxf5 51. b4 Kg4 52. Bc6 h3 53. f5 h2
54. f6 Be6 1/2-1/2

[Event "34. Kieler Open 2022"]
[Site "Kiel"]
[Date "2022.08.02"]
[Round "6.33"]
[White "Saar, Christian"]
[Black "Schmidt, Peter"]
[Result "1/2-1/2"]
[WhiteElo "1648"]
[BlackElo "1877"]
[PlyCount "63"]
[EventDate "2022.??.??"]

1. e4 e5 2. Nf3 Nc6 3. Bb5 a6 4. Ba4 Nf6 5. d4 b5 6. dxe5 Nxe4 7. Bb3 Nc5 8.
O-O Nxb3 9. axb3 Be7 10. Nc3 O-O 11. Nxb5 Bb7 12. Nbd4 Bc5 13. Be3 Nxd4 14.
Nxd4 f6 15. Ne6 dxe6 16. Bxc5 Rf7 17. Qxd8+ Rxd8 18. exf6 Rd2 19. Rad1 Rfd7 20.
Rxd2 Rxd2 21. fxg7 Kxg7 22. Bb4 Rxc2 23. Bc3+ Kf7 24. Re1 c5 25. f3 Bd5 26. Ra1
Bxb3 27. Rxa6 Bd5 28. Ra7+ Kg6 29. Rg7+ Kh6 30. h4 Rxc3 31. Rxh7+ Kxh7 32. bxc3
1/2-1/2

[Event "34. Kieler Open 2022"]
[Site "Kiel"]
[Date "2022.08.02"]
[Round "6.34"]
[White "Wartenberg, Alissa"]
[Black "Ziaeian, Shahin"]
[Result "1/2-1/2"]
[WhiteElo "1632"]
[BlackElo "1877"]
[Annotator "HJ"]
[PlyCount "62"]
[EventDate "2022.??.??"]

1. e4 e6 2. d4 d5 3. Nc3 Nf6 4. e5 Nfd7 5. Nce2 c5 6. c3 Nc6 7. Nf3 cxd4 8.
cxd4 Qb6 9. Nc3 f6 10. exf6 Nxf6 11. g3 Bd6 12. Bg2 O-O 13. O-O Bd7 14. Re1 a5
15. Bh3 Rae8 16. Ne5 Nxd4 17. Nxd7 Nxd7 18. Be3 Ne5 19. Bg2 Nec6 20. Nxd5 Qxb2
21. Rb1 Qc2 22. Bxd4 Nxd4 23. Qxc2 Nxc2 24. Re2 Na3 25. Rbe1 e5 26. Nb6 Re7 27.
Bh3 Rd8 28. Nc8 Ree8 29. Nxd6 Rxd6 30. Rxe5 Rxe5 31. Rxe5 b6 1/2-1/2